000 00776nam a2200229Ia 4500
003 OSt
005 20220923220321.0
006 a|||||r|||| 00| 0
007 ta
008 220922b |||||||| |||| 00| 0 hin d
024 _a185,950
037 _cTextual
040 _aARTS
_cARTS
_bhin
041 _2hin
_ahin
082 _aY173P15:1:9, 152K5
100 _aभट्ट, गोरीशंकर
_9156272
245 0 _aभारतीय संस्कृति
_b एक सामाजशास्त्रीय समीक्षा
246 _aBhāratīya sanskṛuti: ek sāmājashāstrīya samīkṣhā
260 _c1965
942 _hY173P15:1:9, 152K5
_cTEXL
_2CC
999 _c339195
_d339195